Visualizzazione normale
Vista MARC
- Mercantini Luigi
di Personal Name
Records bibliografici associati: 1
001 - CONTROL NUMBER
- control field: 7680
003 - CONTROL NUMBER IDENTIFIER
- control field: IT-RoPau
005 - DATE AND TIME OF LATEST TRANSACTION
- control field: 20140105115216.0
008 - FIXED-LENGTH DATA ELEMENTS
- fixed length control field: 140105|| aca||aabn | a|a d
040 ## - CATALOGING SOURCE
- Original cataloging agency: IT-RoPau
- Transcribing agency: IT-RoPau
100 ## - HEADING--PERSONAL NAME
- Personal name: Mercantini Luigi
- Dates associated with a name: Codice autore testo/musica SPICS: 13728
- Relator term: Autore testo/musica
- Name of part/section of a work: Inno di Garibaldi
670 ## - SOURCE DATA FOUND
- Source citation: Work cat.: (IT-RoPau)102740: AA.VV. 794, Canti della Patria (Lp Hit 30.218)